000 00313nam a2200145Ia 4500
100 _aVennard John K
942 _cBK
654 _aFluid mechanics
245 _aElementary Fluid Mechanics
260 _bJohn wiley
_aNew York
_c1982
082 _a532
_bPAN
300 _a422
546 _aENGLISH
999 _c29119
_d29119